000
00245nam a2200097Ia 4500
001
1207305
005
20250827022822.0
008
250824s9999 xx 000 0 und d
245
0
_a
SUSKUNLAR
_c
İHSAN OKTAY ANAR
260
_b
İLETİŞİM YAYINLARI
999
_c
1207305
_d
1207305